[Event "36th Rilton Cup"]
[Site "Stockholm SWE"]
[Date "2006.12.27"]
[Round "1.1"]
[White "Orndahl, Markus"]
[Black "Rozentalis, Eduardas"]
[Result "0-1"]
[WhiteElo "2137"]
[BlackElo "2591"]
[EventDate "2006.12.27"]
[PlyCount "58"]

1.e4 e6 2.d4 d5 3.Nc3 Nc6 4.exd5 exd5 5.Bb5 a6 6.Ba4 b5 7.Bb3 Bb4 8.Ne2 
Nge7 9.O-O O-O 10.a4 Rb8 11.axb5 axb5 12.Qd3 Na5 13.Ba2 Bf5 14.Qf3 Nc4 15.
Nf4 c6 16.Nd3 Bd6 17.Re1 Bg6 18.g3 Ra8 19.h4 b4 20.Ne2 Be4 21.Qg4 Bf5 22.
Qf3 Qd7 23.Nef4 Be4 24.Qd1 Ng6 25.Nxg6 hxg6 26.Nf4 Qf5 27.c3 Bxf4 28.Bxf4 
Bc2 29.Qe2 b3 0-1

[Event "36th Rilton Cup"]
[Site "Stockholm SWE"]
[Date "2006.12.27"]
[Round "1.2"]
[White "Kotronias, Vassilios"]
[Black "Johansson, Thomas"]
[Result "1-0"]
[WhiteElo "2699"]
[BlackElo "2211"]
[EventDate "2006.12.27"]
[PlyCount "65"]

1.e4 c5 2.Nf3 e6 3.d4 cxd4 4.Nxd4 a6 5.Bd3 Bc5 6.Nb3 Be7 7.Qg4 g6 8.Qe2 d6
9.a4 b6 10.O-O Bb7 11.Na3 Nd7 12.Nc4 Ne5 13.Nxe5 dxe5 14.f4 exf4 15.Bxf4 
Nf6 16.Bh6 Nd7 17.Qf2 f6 18.Bc4 Nc5 19.Nxc5 Bxc5 20.Be3 Rc8 21.Bxe6 Bxe3 
22.Qxe3 Rxc2 23.Rad1 Qe7 24.Qxb6 Rc6 25.Qa7 Qxe6 26.Qxb7 Rf8 27.Qxh7 Qf7 
28.Qh6 Rg8 29.Rd5 Qa7+ 30.Kh1 Qg7 31.Qd2 Qe7 32.Rd1 Qe6 33.Rd8+ 1-0

[Event "36th Rilton Cup"]
[Site "Stockholm SWE"]
[Date "2006.12.27"]
[Round "1.3"]
[White "Backman, Michael"]
[Black "Berg, Emanuel"]
[Result "1-0"]
[WhiteElo "2132"]
[BlackElo "2667"]
[EventDate "2006.12.27"]
[PlyCount "79"]

1.d4 e6 2.c4 Nf6 3.Nc3 Bb4 4.Qc2 c5 5.Nf3 O-O 6.Bg5 h6 7.Bh4 g5 8.Bg3 g4 
9.Nd2 cxd4 10.Nb5 Nc6 11.Bc7 Qe7 12.a3 Bxd2+ 13.Qxd2 Ne8 14.Qxh6 a6 15.h3 
g3 16.Bd6 gxf2+ 17.Kxf2 Nxd6 18.Nxd6 Ne5 19.c5 b6 20.b4 Ng6 21.h4 bxc5 22.
bxc5 Qf6+ 23.Kg1 Qf4 24.Qxf4 Nxf4 25.g3 Nh5 26.Bg2 Ra7 27.Kh2 f5 28.Rhd1 
Rc7 29.Rac1 e5 30.Bd5+ Kg7 31.Bf3 Kg6 32.Rg1 Nf6 33.g4 fxg4 34.Bxg4 Kh6 
35.Bf5 Rg8 36.Nf7+ Kh5 37.Rxg8 Nxg8 38.Rg1 Ne7 39.Kh3 Nxf5 40.Rg5# 1-0

[Event "36th Rilton Cup"]
[Site "Stockholm SWE"]
[Date "2006.12.27"]
[Round "1.4"]
[White "Nyback, Tomi"]
[Black "Namini, Armin"]
[Result "1-0"]
[WhiteElo "2606"]
[BlackElo "2123"]
[EventDate "2006.12.27"]
[PlyCount "121"]

1.Nf3 Nf6 2.c4 g6 3.Nc3 Bg7 4.e4 d6 5.d4 O-O 6.Be2 e5 7.Be3 Na6 8.d5 Ng4 
9.Bg5 f6 10.Bh4 h5 11.h3 Nh6 12.Nd2 c5 13.dxc6 bxc6 14.Nb3 Be6 15.c5 Nxc5 
16.Nxc5 dxc5 17.Qxd8 Rfxd8 18.Na4 g5 19.Nxc5 Bf7 20.Bg3 Bf8 21.Na6 h4 22.
Bh2 Rd4 23.f3 Rad8 24.b3 Rd2 25.Kf2 Ba3 26.Rad1 Be6 27.Ke3 Rxd1 28.Rxd1 
Rxd1 29.Bxd1 Bb2 30.Nb8 c5 31.Be2 Bd4+ 32.Kd2 Nf7 33.Nc6 Bf2 34.Ba6 Nd6 
35.Ke2 Bd4 36.Nxa7 Bd7 37.Bc4+ Kf8 38.Kd3 Nxc4 39.bxc4 Ba4 40.Nc8 Ke8 41.
Nb6 Bc6 42.a4 Bb7 43.Nd5 Kf7 44.a5 Bf2 45.Nc7 Ke7 46.Kd2 Bd4 47.Nd5+ Kf7 
48.Kc2 Bf2 49.Nc7 Ke7 50.Kb3 Bd4 51.Kc2 Bf2 52.Kd3 Bd4 53.g3 Bf2 54.gxh4 
gxh4 55.f4 Bg3 56.Bg1 exf4 57.a6 Kd7 58.axb7 Kxc7 59.Bxc5 Kxb7 60.Bd4 Kc6 
61.Bxf6 1-0

[Event "36th Rilton Cup"]
[Site "Stockholm SWE"]
[Date "2006.12.27"]
[Round "1.5"]
[White "Persson, Andreas"]
[Black "Hansen, Lars Bo"]
[Result "0-1"]
[WhiteElo "2072"]
[BlackElo "2575"]
[EventDate "2006.12.27"]
[PlyCount "50"]

1.e4 c6 2.d4 d5 3.exd5 cxd5 4.c4 Nf6 5.Nc3 e6 6.Nf3 Be7 7.Bd3 O-O 8.O-O 
dxc4 9.Bxc4 Nbd7 10.Qe2 Nb6 11.Bd3 Bd7 12.Bg5 Rc8 13.Rad1 Nbd5 14.Ne4 Nxe4
15.Bxe7 Qxe7 16.Qxe4 g6 17.Rfe1 Ba4 18.Rc1 Rxc1 19.Rxc1 Qb4 20.Ne5 Qxb2 
21.Rb1 Qd2 22.Rxb7 Nc3 23.Qf3 Qe1+ 24.Bf1 Bd1 25.Nd3 Bxf3 0-1

[Event "36th Rilton Cup"]
[Site "Stockholm SWE"]
[Date "2006.12.27"]
[Round "1.6"]
[White "Gleizerov, Evgeny"]
[Black "Jantti, Petri"]
[Result "1-0"]
[WhiteElo "2560"]
[BlackElo "2125"]
[EventDate "2006.12.27"]
[PlyCount "55"]

1.d4 Nf6 2.c4 e6 3.g3 d5 4.Nf3 Be7 5.Bg2 O-O 6.O-O dxc4 7.Nc3 c5 8.dxc5 
Qa5 9.Qd4 Qxc5 10.Qxc5 Bxc5 11.Ne5 Nbd7 12.Nxc4 a6 13.Bf4 Ra7 14.Bd6 Bxd6 
15.Nxd6 b5 16.Rfc1 Nb6 17.a4 b4 18.a5 bxc3 19.axb6 Rd7 20.Nc4 cxb2 21.Nxb2
Nd5 22.Na4 Bb7 23.Nc5 Re7 24.Nxb7 Rxb7 25.Bxd5 exd5 26.Rxa6 Rfb8 27.Rc7 
Kf8 28.Rxb7 1-0

[Event "36th Rilton Cup"]
[Site "Stockholm SWE"]
[Date "2006.12.27"]
[Round "1.7"]
[White "Nyland, Thomas"]
[Black "Hillarp Persson, Tiger"]
[Result "0-1"]
[WhiteElo "2124"]
[BlackElo "2600"]
[EventDate "2006.12.27"]
[PlyCount "152"]

1.d4 g6 2.c4 Bg7 3.Nc3 d6 4.Nf3 Nf6 5.e4 O-O 6.Be2 Bg4 7.h3 Bxf3 8.Bxf3 
Nfd7 9.Be3 Nc6 10.O-O e5 11.d5 Nd4 12.Bxd4 exd4 13.Nb5 c5 14.dxc6 bxc6 15.
Nxd4 Qb6 16.Nb3 Bxb2 17.Rb1 Be5 18.Qc2 Rab8 19.Rbd1 a5 20.Nc1 Nc5 21.Nd3 
Nxd3 22.Rxd3 Qc5 23.Rb3 Rb4 24.Rxb4 axb4 25.Bd1 Bd4 26.Qe2 Re8 27.Qd3 Qe5 
28.Bc2 Bc5 29.g3 Qb2 30.Qb3 Qd4 31.Qf3 Re7 32.Qd3 Qxd3 33.Bxd3 Ra7 34.Bb1 
Ra3 35.Kg2 Rc3 36.Re1 Rxc4 37.Re2 Bd4 38.Bc2 c5 39.Bb3 Rc1 40.Rc2 Re1 41.
Kf3 Kg7 42.Re2 Rh1 43.Kg2 Rc1 44.Rc2 Re1 45.f3 g5 46.Bd5 h5 47.g4 h4 48.
Bc4 Rg1+ 49.Kh2 Rg3 50.Bf1 Rxf3 51.Kg2 Re3 52.Bc4 Rg3+ 53.Kh2 Be5 54.Kh1 
Rxh3+ 55.Kg1 Rg3+ 56.Kh1 Rxg4 57.Rg2 Rxe4 58.Rc2 h3 59.Rc1 g4 60.Bd5 Rd4 
61.Bc4 g3 62.Bf1 Rd2 63.Bxh3 Rh2+ 64.Kg1 Bd4+ 65.Kf1 Rh1+ 66.Kg2 Rxc1 67.
Bd7 Be5 68.Bc6 Rc2+ 69.Kf1 c4 70.a4 b3 71.Be4 Rf2+ 72.Ke1 c3 73.Kd1 c2+ 
74.Bxc2 Rxc2 75.a5 g2 76.a6 g1=Q# 0-1

[Event "36th Rilton Cup"]
[Site "Stockholm SWE"]
[Date "2006.12.27"]
[Round "1.8"]
[White "Fontaine, Robert"]
[Black "Adahl, Mattias"]
[Result "1-0"]
[WhiteElo "2557"]
[BlackElo "2022"]
[EventDate "2006.12.27"]
[PlyCount "71"]

1.e4 c5 2.Nf3 d6 3.d4 cxd4 4.Nxd4 Nf6 5.Nc3 a6 6.g3 b5 7.Bg2 Bb7 8.O-O 
Nbd7 9.Re1 e5 10.Nf5 Qb6 11.a4 g6 12.Ne3 Be7 13.Ned5 Nxd5 14.Nxd5 Bxd5 15.
Qxd5 O-O 16.Be3 Qc7 17.axb5 Nf6 18.Qa2 axb5 19.Qxa8 Rxa8 20.Rxa8+ Kg7 21.
Ra7 Qd8 22.Rb7 Ng4 23.Bb6 Qe8 24.Ra1 Bg5 25.Raa7 Nh6 26.h4 Bc1 27.Bh3 Qc6 
28.Be6 Qxe4 29.Bxf7 Qe1+ 30.Kg2 Qe4+ 31.f3 Qxc2+ 32.Bf2 Kf6 33.Bd5 g5 34.
Rd7 gxh4 35.Rxd6+ Kg5 36.Rg7+ 1-0

[Event "36th Rilton Cup"]
[Site "Stockholm SWE"]
[Date "2006.12.27"]
[Round "1.9"]
[White "Wallgren, Ulf"]
[Black "Cicak, Slavko"]
[Result "0-1"]
[WhiteElo "2001"]
[BlackElo "2545"]
[EventDate "2006.12.27"]
[PlyCount "68"]

1.f4 c5 2.Nf3 Nc6 3.b3 Nf6 4.e3 d6 5.Bb2 g6 6.Bxf6 exf6 7.Bb5 Bd7 8.O-O a6
9.Bxc6 Bxc6 10.c4 Bg7 11.Nc3 f5 12.Qc2 b5 13.Rad1 O-O 14.d4 Qe7 15.Qd2 
Rfe8 16.Rfe1 bxc4 17.bxc4 Rab8 18.Nd5 Bxd5 19.cxd5 Rec8 20.Rb1 Rxb1 21.
Rxb1 Qe4 22.Rc1 c4 23.Qc3 Qxd5 24.Nd2 Qe6 25.Rb1 d5 26.a4 Qd6 27.a5 Rb8 
28.Kf2 Bf8 29.Ke2 Rb5 30.Kd1 Qb8 31.Kc2 Bb4 32.Qa1 Qe8 33.Qa4 Bxd2 34.Kxd2
Rb2+ 0-1

[Event "36th Rilton Cup"]
[Site "Stockholm SWE"]
[Date "2006.12.27"]
[Round "1.10"]
[White "Cramling, Pia"]
[Black "De Verdier, Michael"]
[Result "1/2-1/2"]
[WhiteElo "2583"]
[BlackElo "2220"]
[EventDate "2006.12.27"]
[PlyCount "30"]

1.d4 e6 2.c4 Nf6 3.Nf3 b6 4.g3 Bb7 5.Bg2 Bb4+ 6.Bd2 Bxd2+ 7.Qxd2 O-O 8.Nc3
d6 9.Qc2 c5 10.d5 exd5 11.Nh4 Nc6 12.cxd5 Nd4 13.Qd1 g5 14.e3 gxh4 15.exd4
Ba6 1/2-1/2

[Event "36th Rilton Cup"]
[Site "Stockholm SWE"]
[Date "2006.12.27"]
[Round "1.11"]
[White "Hansen, Martin"]
[Black "Ulybin, Mikhail"]
[Result "0-1"]
[WhiteElo "2106"]
[BlackElo "2506"]
[EventDate "2006.12.27"]
[PlyCount "110"]

1.e4 c5 2.Nc3 Nc6 3.g3 g6 4.Bg2 Bg7 5.d3 d6 6.Be3 Nd4 7.Qd2 Qa5 8.f4 Rb8 
9.Nf3 b5 10.e5 b4 11.Ne4 f5 12.exf6 Nxf3+ 13.Bxf3 Nxf6 14.d4 c4 15.Nxf6+ 
Bxf6 16.b3 Be6 17.O-O Bd5 18.Qg2 Bxf3 19.Qxf3 Rc8 20.f5 Qxf5 21.Qxf5 gxf5 
22.Rxf5 O-O 23.Rb5 cxb3 24.cxb3 Rc3 25.Bf2 Rc2 26.Rf1 Rxa2 27.Rxb4 Bg5 28.
Rb5 e5 29.dxe5 Raxf2 30.Rxf2 Be3 31.exd6 Rxf2 32.Kh1 Rd2 33.Re5 Bb6 34.
Re8+ Kf7 35.Re7+ Kg6 36.d7 Bd8 37.Re3 Rxd7 38.Kg2 Rd2+ 39.Kf3 Rxh2 40.Re6+
Kf7 41.Rd6 Bb6 42.Rd3 Ke6 43.Ke4 Re2+ 44.Kf4 Re5 45.g4 Rd5 46.Rc3 Bc5 47.
Rh3 Rd4+ 48.Kg5 Be7+ 49.Kh5 Kf7 50.g5 Rd5 51.Kh6 Bxg5+ 52.Kxh7 Bf6 53.Kh6 
Bg7+ 54.Kh7 Rd8 55.Rf3+ Bf6 0-1

[Event "36th Rilton Cup"]
[Site "Stockholm SWE"]
[Date "2006.12.27"]
[Round "1.12"]
[White "Brynell, Stellan"]
[Black "Pettersson, Tobias"]
[Result "1-0"]
[WhiteElo "2624"]
[BlackElo "2243"]
[EventDate "2006.12.27"]
[PlyCount "69"]

1.d4 d6 2.e4 Nf6 3.Nc3 g6 4.Nf3 Bg7 5.Be2 O-O 6.O-O Bg4 7.Bg5 c6 8.h3 Bxf3
9.Bxf3 e5 10.d5 h6 11.dxc6 bxc6 12.Be3 Qc7 13.Qd3 Rd8 14.Rfd1 Ne8 15.Na4 
Nd7 16.Qa6 Nb8 17.Qd3 Nd7 18.b3 Nf8 19.g3 Ne6 20.c3 Kh7 21.Rd2 h5 22.h4 
Bh6 23.Rad1 Bxe3 24.Qxe3 Rd7 25.Nb2 Rb8 26.Nc4 Nf6 27.Qe2 Kg7 28.b4 Kf8 
29.Bg2 Ne8 30.Rd3 Ke7 31.Qe3 Nf6 32.Bh3 Ne8 33.Bxe6 Kxe6 34.Qg5 Nf6 35.
Rxd6+ 1-0

[Event "36th Rilton Cup"]
[Site "Stockholm SWE"]
[Date "2006.12.27"]
[Round "1.13"]
[White "Tahkavuori, Tapani"]
[Black "Bindrich, Falko"]
[Result "0-1"]
[WhiteElo "2103"]
[BlackElo "2482"]
[EventDate "2006.12.27"]
[PlyCount "50"]

1.d4 Nf6 2.Nf3 e6 3.c4 Bb4+ 4.Bd2 c5 5.Bxb4 cxb4 6.Nbd2 O-O 7.e4 d6 8.Bd3 
e5 9.O-O Qe7 10.Qb3 a5 11.a3 bxa3 12.Qxa3 Nc6 13.dxe5 Nxe5 14.Nd4 Re8 15.
Rae1 g5 16.f4 gxf4 17.Rxf4 Nh5 18.Nf5 Qg5 19.Rf2 Bxf5 20.exf5 Nf4 21.Bf1 
Ned3 22.Rxe8+ Rxe8 23.Rf3 Re1 24.g3 Ne2+ 25.Kg2 Qxd2 0-1

[Event "36th Rilton Cup"]
[Site "Stockholm SWE"]
[Date "2006.12.27"]
[Round "1.14"]
[White "Karlsson, Lars"]
[Black "Eriksson, Dan"]
[Result "1-0"]
[WhiteElo "2531"]
[BlackElo "2102"]
[EventDate "2006.12.27"]
[PlyCount "75"]

1.c4 e5 2.g3 Nf6 3.Bg2 d5 4.cxd5 Nxd5 5.Nc3 Nb6 6.Nf3 Nc6 7.d3 Be7 8.a3 
O-O 9.b4 Be6 10.Bb2 f6 11.O-O Qd7 12.Ne4 Nd4 13.Nxd4 exd4 14.Nc5 Bxc5 15.
bxc5 Na4 16.c6 Nxb2 17.Qc2 Qd6 18.cxb7 Rab8 19.Qxb2 c5 20.Rfc1 Bd5 21.
Bxd5+ Qxd5 22.Qa2 Qxa2 23.Rxa2 Rxb7 24.Rxc5 Rd8 25.Rac2 Rdd7 26.Kg2 Kf7 
27.Kf3 g6 28.g4 Re7 29.Rd5 Rbd7 30.Rxd7 Rxd7 31.Rc6 g5 32.a4 Kg6 33.h3 h6 
34.Ra6 Rb7 35.Rd6 Rb4 36.a5 Ra4 37.Ra6 Ra1 38.Rxa7 1-0

[Event "36th Rilton Cup"]
[Site "Stockholm SWE"]
[Date "2006.12.27"]
[Round "1.15"]
[White "Horn, Emilia"]
[Black "Howell, David"]
[Result "0-1"]
[WhiteElo "2053"]
[BlackElo "2471"]
[EventDate "2006.12.27"]
[PlyCount "108"]

1.e4 g6 2.d4 Bg7 3.Nc3 a6 4.f4 b5 5.a3 Bb7 6.Nf3 d6 7.Be2 Nd7 8.O-O e6 9.
Kh1 Ne7 10.Be3 h6 11.Qd2 f5 12.e5 Nb6 13.b3 Qd7 14.a4 b4 15.Na2 a5 16.c3 
bxc3 17.Nxc3 Kf7 18.Nb5 Ned5 19.Bf2 Bf8 20.Rac1 Be7 21.Bh4 Bxh4 22.Nxh4 
Bc6 23.exd6 cxd6 24.Rf3 Bxb5 25.Bxb5 Qe7 26.Qe1 Rac8 27.Rxc8 Rxc8 28.h3 
Qf6 29.Qf2 Nc3 30.Ba6 Ne4 31.Qe1 Rc7 32.Rd3 Nd5 33.Bc4 Nb4 34.Rf3 Qxd4 35.
g4 d5 36.gxf5 dxc4 37.fxe6+ Kf6 38.Re3 Nd3 39.Nf3 Nxe1 40.Nxd4 Nd3 41.Nb5 
Re7 42.bxc4 Rxe6 43.Kg2 Nxf4+ 44.Kh2 Nc5 45.Rf3 Re2+ 46.Kg1 g5 47.Nc3 Re1+
48.Kf2 Nd3+ 49.Kg3 Rg1+ 50.Kh2 Rg2+ 51.Kh1 Rc2 52.Nd5+ Ke5 53.Ne3 Rc1+ 54.
Kh2 Ke4 0-1

[Event "36th Rilton Cup"]
[Site "Stockholm SWE"]
[Date "2006.12.27"]
[Round "1.16"]
[White "Akesson, Ralf"]
[Black "Hultin, Per"]
[Result "1-0"]
[WhiteElo "2582"]
[BlackElo "2153"]
[EventDate "2006.12.27"]
[PlyCount "69"]

1.Nf3 Nf6 2.c4 e5 3.Nxe5 b6 4.d3 Bb7 5.e4 g6 6.Nc3 Bg7 7.f4 O-O 8.Be2 d6 
9.Nf3 Nc6 10.O-O Qd7 11.d4 Rae8 12.d5 Nb4 13.Nd2 Re7 14.Rb1 Rfe8 15.a3 Na6
16.b4 Nb8 17.Bb2 Bc8 18.h3 Kh8 19.c5 bxc5 20.bxc5 c6 21.Ba1 Bb7 22.e5 dxe5
23.d6 Re6 24.Bc4 Nd5 25.Qb3 Ba6 26.Nxd5 cxd5 27.Bxa6 Nxa6 28.Qxd5 exf4 29.
Rb7 Qa4 30.Bxg7+ Kxg7 31.c6 Qxa3 32.d7 Rd8 33.c7 Nxc7 34.Rxc7 Rd6 35.Qe5+ 
1-0

[Event "36th Rilton Cup"]
[Site "Stockholm SWE"]
[Date "2006.12.27"]
[Round "1.17"]
[White "Algars, Olle"]
[Black "Ernst, Thomas"]
[Result "0-1"]
[WhiteElo "2036"]
[BlackElo "2508"]
[EventDate "2006.12.27"]
[PlyCount "40"]

1.e4 c5 2.Nf3 d6 3.d4 cxd4 4.Nxd4 Nf6 5.Nc3 a6 6.a4 e6 7.Be2 Be7 8.O-O O-O
9.Be3 Qc7 10.Qd2 b6 11.Rfc1 Bb7 12.f3 Nbd7 13.Bd3 Ne5 14.Nce2 d5 15.Ng3 
dxe4 16.Nxe4 Nxe4 17.Bxe4 Bxe4 18.fxe4 Ng4 19.Bf4 e5 20.Bg3 Qc5 0-1

[Event "36th Rilton Cup"]
[Site "Stockholm SWE"]
[Date "2006.12.27"]
[Round "1.18"]
[White "Bellon Lopez, Juan Manuel"]
[Black "Norqvist, Jorgen"]
[Result "1-0"]
[WhiteElo "2516"]
[BlackElo "1902"]
[EventDate "2006.12.27"]
[PlyCount "43"]

1.d4 d5 2.Nf3 Nf6 3.c4 e6 4.Nc3 c6 5.Bg5 dxc4 6.e4 b5 7.e5 h6 8.Bh4 g5 9.
exf6 gxh4 10.Ne5 Qxf6 11.a4 Bb4 12.Be2 Bb7 13.Bf3 Qe7 14.O-O a6 15.axb5 
axb5 16.Rxa8 Bxa8 17.Bh5 O-O 18.Qg4+ Qg5 19.Bxf7+ Rxf7 20.Nxf7 Kxf7 21.
Qxg5 hxg5 22.Ra1 1-0

[Event "36th Rilton Cup"]
[Site "Stockholm SWE"]
[Date "2006.12.27"]
[Round "1.19"]
[White "Jensen, Leif Haugaard"]
[Black "Lindberg, Bengt"]
[Result "0-1"]
[WhiteElo "2084"]
[BlackElo "2484"]
[EventDate "2006.12.27"]
[PlyCount "42"]

1.e4 c5 2.f4 e6 3.Nf3 Nf6 4.d3 d5 5.e5 Nfd7 6.c4 Nb6 7.Nc3 Nc6 8.g3 Be7 9.
b3 f6 10.exf6 Bxf6 11.Bb2 O-O 12.Bg2 e5 13.fxe5 Nxe5 14.O-O Bg4 15.Qc2 
Nxf3+ 16.Bxf3 Bd4+ 17.Kg2 Bxf3+ 18.Rxf3 Rxf3 19.Kxf3 Qf6+ 20.Kg2 Rf8 21.h4
Qf2+ 0-1

[Event "36th Rilton Cup"]
[Site "Stockholm SWE"]
[Date "2006.12.27"]
[Round "1.20"]
[White "Berczes, David"]
[Black "Mattsson, Michael"]
[Result "1-0"]
[WhiteElo "2415"]
[BlackElo "2044"]
[EventDate "2006.12.27"]
[PlyCount "47"]

1.d4 Nf6 2.c4 c5 3.d5 e6 4.Nc3 exd5 5.cxd5 d6 6.e4 g6 7.Bd3 Bg7 8.Nge2 O-O
9.O-O a6 10.a4 Nh5 11.Nf4 Nxf4 12.Bxf4 f5 13.Qd2 Qc7 14.Rae1 c4 15.Bb1 
Bxc3 16.Qxc3 fxe4 17.Rxe4 b5 18.Bh6 Bf5 19.Bxf8 Bxe4 20.Bxe4 Kxf8 21.Qh8+ 
Ke7 22.Bf5 Nd7 23.Re1+ Ne5 24.Qg7+ 1-0

[Event "36th Rilton Cup"]
[Site "Stockholm SWE"]
[Date "2006.12.27"]
[Round "1.21"]
[White "Berczes, Csaba"]
[Black "Agafonovs, Jurijs"]
[Result "1-0"]
[WhiteElo "2414"]
[BlackElo "2221"]
[EventDate "2006.12.27"]
[PlyCount "67"]

1.e4 Nf6 2.e5 Nd5 3.c4 Nb6 4.d4 d6 5.exd6 cxd6 6.Nc3 g6 7.Be3 Bg7 8.Rc1 
O-O 9.b3 Nc6 10.d5 Ne5 11.Be2 h6 12.f4 Ned7 13.Nf3 f5 14.Nd4 Nf6 15.h3 Re8
16.O-O e5 17.dxe6 Bxe6 18.Nxe6 Rxe6 19.Bd4 Ne4 20.Bxg7 Kxg7 21.Nxe4 fxe4 
22.f5 gxf5 23.Rxf5 Nd7 24.Qd5 Qb6+ 25.c5 Nxc5 26.Qd4+ Kg8 27.Bc4 Re8 28.
Rcf1 Nd7 29.Qxb6 Nxb6 30.Bxe6+ Rxe6 31.Rf6 Rxf6 32.Rxf6 d5 33.Rxh6 Kf7 34.
Kf2 1-0

[Event "36th Rilton Cup"]
[Site "Stockholm SWE"]
[Date "2006.12.27"]
[Round "1.22"]
[White "Hartvig, Ove"]
[Black "Gagarin, Vasily"]
[Result "1/2-1/2"]
[WhiteElo "2225"]
[BlackElo "2447"]
[EventDate "2006.12.27"]
[PlyCount "127"]

1.e4 c5 2.Nc3 Nc6 3.g3 g6 4.Bg2 Bg7 5.d3 d6 6.f4 e6 7.Nf3 Nge7 8.O-O O-O 
9.Be3 Rb8 10.Qd2 Nd4 11.Kh1 b5 12.Nd1 b4 13.c3 bxc3 14.bxc3 Nxf3 15.Bxf3 
Qa5 16.Rc1 Ba6 17.g4 f5 18.Re1 Bb7 19.gxf5 exf5 20.Bg2 Ba8 21.Bf2 Bh6 22.
Bg3 Rf7 23.Ne3 Qa6 24.Rb1 Rbf8 25.e5 dxe5 26.Bxa8 Rxa8 27.fxe5 Qc6+ 28.Kg1
Nd5 29.Qg2 Bxe3+ 30.Rxe3 f4 31.e6 Rf5 32.Rf1 Qe8 33.Ree1 Rd8 34.c4 Nb4 35.
e7 Rd7 36.Qe4 Rf7 37.Bh4 Nxd3 38.Rd1 g5 39.Bxg5 Rg7 40.Qe6+ Kh8 41.Qf6 
Qxe7 42.Qxe7 Rdxe7 43.Rxd3 Rxg5+ 44.Kf2 Kg7 45.Rfd1 Rh5 46.h3 Kf7 47.Rd5 
Rxh3 48.Rxc5 Rb7 49.Rf5+ Kg6 50.Rxf4 Rb2+ 51.Kg1 Rxa2 52.Rf2 Rh1+ 53.Kxh1 
Rxf2 54.Ra1 Rf7 55.Kg2 h5 56.Kg3 Kf6 57.Ra5 Rc7 58.Rxh5 Rxc4 59.Ra5 Rc7 
60.Kf4 Re7 61.Rf5+ Ke6 62.Re5+ Kd6 63.Rxe7 Kxe7 64.Ke5 1/2-1/2

[Event "36th Rilton Cup"]
[Site "Stockholm SWE"]
[Date "2006.12.27"]
[Round "1.23"]
[White "Netzer, Jean"]
[Black "Dalmau, Jorgen"]
[Result "1/2-1/2"]
[WhiteElo "2404"]
[BlackElo "2138"]
[EventDate "2006.12.27"]
[PlyCount "184"]

1.e4 e5 2.Bc4 Nf6 3.d3 Nc6 4.Nc3 Bb4 5.Ne2 d5 6.exd5 Nxd5 7.O-O Be6 8.a3 
Be7 9.Bxd5 Bxd5 10.f4 O-O 11.Be3 f5 12.Qd2 Qd7 13.Rae1 Bf7 14.Kh1 Bh4 15.
Bf2 Bf6 16.fxe5 Nxe5 17.Bg3 Rfe8 18.Qf4 g6 19.h3 c6 20.Bh4 Bg7 21.Bg5 Bd5 
22.Nxd5 Qxd5 23.Nc3 Qd7 24.Qh4 Nf7 25.Bf6 Rxe1 26.Rxe1 Re8 27.Bxg7 Kxg7 
28.Rxe8 Qxe8 29.Qd4+ Qe5 30.Qxa7 Nd6 31.Qf2 h5 32.h4 f4 33.Ne2 Nf5 34.Nxf4
Qxb2 35.Nxh5+ gxh5 36.Qxf5 Qxc2 37.Qg5+ Kf8 38.Qxh5 Qc1+ 39.Kh2 Qxa3 40.
Qg6 Qc1 41.Qf6+ Kg8 42.h5 Qc5 43.Qg6+ Kh8 44.Qe8+ Kg7 45.Qg6+ Kh8 46.Qe8+ 
Kg7 47.Qe2 b5 48.g4 b4 49.Kh3 Qg5 50.Kg3 Qf6 51.Qe3 b3 52.g5 Qd6+ 53.Kg4 
Qd7+ 54.Kh4 Kg8 55.Qe5 Qf7 56.Qb8+ Kg7 57.Qe5+ Kg8 58.Qb8+ Kg7 59.Qe5+ Kg8
60.Qb8+ Kg7 61.Qh2 Kg8 62.h6 b2 63.Qxb2 Qf4+ 64.Kh3 Qf3+ 65.Kh2 Qf4+ 66.
Kg1 Qg3+ 67.Qg2 Qe1+ 68.Kh2 Qh4+ 69.Qh3 Qf2+ 70.Kh1 Qe1+ 71.Kg2 Qe2+ 72.
Kg3 Qxd3+ 73.Kh4 Qe4+ 74.Qg4 Qh1+ 75.Kg3 Qg1+ 76.Kf4 Qd4+ 77.Kg3 Qg1+ 78.
Kh4 Qh1+ 79.Qh3 Qe4+ 80.Kh5 Qe8+ 81.Kh4 Qe1+ 82.Qg3 Qh1+ 83.Kg4 Qe4+ 84.
Qf4 Qe2+ 85.Kf5 Qd3+ 86.Qe4 Qf1+ 87.Ke5 Qb5+ 88.Kf6 Qb2+ 89.Ke6 Qb3+ 90.
Kd6 Qb8+ 91.Ke6 Qe8+ 92.Kf5 Qf7+ 1/2-1/2

[Event "36th Rilton Cup"]
[Site "Stockholm SWE"]
[Date "2006.12.27"]
[Round "1.24"]
[White "Stock, Tobias William"]
[Black "Kolbus, Dietmar"]
[Result "0-1"]
[WhiteElo "2075"]
[BlackElo "2397"]
[EventDate "2006.12.27"]
[PlyCount "72"]

1.d4 Nf6 2.c4 g6 3.f3 d5 4.cxd5 Nxd5 5.e4 Nb6 6.Be3 Bg7 7.Nc3 O-O 8.f4 f5 
9.Nf3 fxe4 10.Qb3+ e6 11.Ne5 Nd5 12.Nxe4 Nd7 13.O-O-O N7f6 14.Nxf6+ Qxf6 
15.g3 Rd8 16.h4 Bd7 17.Bd2 Bc6 18.Rh2 Ne7 19.Bc3 Bd5 20.Qc2 Nf5 21.Qf2 
Bxa2 22.g4 Ne7 23.g5 Qf8 24.Bd3 Bxe5 25.dxe5 Bb3 26.Rd2 Nd5 27.Bd4 Qxf4 
28.Qxf4 Nxf4 29.Be4 Bd5 30.Bc2 Bc4 31.Be3 Nd5 32.Bc5 b6 33.Ba3 Ne3 34.Be4 
Bd5 35.Bxd5 Rxd5 36.Rde2 Rd1# 0-1

[Event "36th Rilton Cup"]
[Site "Stockholm SWE"]
[Date "2006.12.27"]
[Round "1.25"]
[White "Leer-Salvesen, Bjarte"]
[Black "Krzymowski, Alfred"]
[Result "1-0"]
[WhiteElo "2389"]
[BlackElo "2074"]
[EventDate "2006.12.27"]
[PlyCount "63"]

1.c4 Nf6 2.g3 e6 3.Bg2 d5 4.Nf3 Be7 5.O-O O-O 6.Qc2 c5 7.d4 cxd4 8.Nxd4 
Nc6 9.Nxc6 bxc6 10.Rd1 Qb6 11.Be3 Bc5 12.Bxc5 Qxc5 13.Nd2 Bb7 14.Rac1 Rac8
15.e4 Rfd8 16.e5 Ng4 17.Nb3 Qe7 18.Qe2 Nh6 19.c5 Nf5 20.Bh3 g6 21.Bxf5 
exf5 22.Nd4 Re8 23.Re1 Rc7 24.b4 Ra8 25.a4 a5 26.b5 Rcc8 27.Qd2 cxb5 28.c6
b4 29.cxb7 Qxb7 30.e6 fxe6 31.Nxe6 Rc4 32.Nd8 1-0

[Event "36th Rilton Cup"]
[Site "Stockholm SWE"]
[Date "2006.12.27"]
[Round "1.26"]
[White "Lonngren, Tobias"]
[Black "Furhoff, Johan"]
[Result "0-1"]
[WhiteElo "1998"]
[BlackElo "2430"]
[EventDate "2006.12.27"]
[PlyCount "120"]

1.d4 Nc6 2.c4 e5 3.d5 Bb4+ 4.Bd2 Bxd2+ 5.Nxd2 Nce7 6.e4 d6 7.Ngf3 f5 8.
exf5 Bxf5 9.g3 Nf6 10.Bg2 O-O 11.O-O h6 12.b4 Qd7 13.Qb3 Bh3 14.Rac1 Rf7 
15.Ne1 Raf8 16.Nc2 g5 17.Ne3 Ng6 18.f3 Rg7 19.Rf2 Bxg2 20.Rxg2 h5 21.Qc2 
g4 22.fxg4 Nxg4 23.Nxg4 Qxg4 24.Qe4 Rgf7 25.Qxg4 hxg4 26.Re2 Ne7 27.Rf1 
Nf5 28.Re4 Rg7 29.Nb3 b6 30.a4 Rg5 31.Ra1 Rc8 32.a5 c6 33.dxc6 Rxc6 34.
axb6 axb6 35.Ra8+ Kf7 36.b5 Rc7 37.Rb8 Ra7 38.Rxb6 Ra3 39.Nd2 Ra2 40.Re2 
Nd4 41.Rf2+ Rf5 42.Rxf5+ Nxf5 43.Ne4 Ne3 44.Ra6 Rg2+ 45.Kh1 Rb2 46.Kg1 Ke7
47.Ra7+ Ke6 48.Ra4 Rg2+ 49.Kh1 Rc2 50.Kg1 Nxc4 51.Rb4 Kd5 52.b6 Nxb6 53.
Rxb6 Kxe4 54.Rxd6 Ke3 55.Ra6 e4 56.Ra3+ Ke2 57.h4 e3 58.h5 Kf3 59.Ra1 Rg2+
60.Kh1 Rxg3 0-1

[Event "36th Rilton Cup"]
[Site "Stockholm SWE"]
[Date "2006.12.28"]
[Round "2.1"]
[White "Rozentalis, Eduardas"]
[Black "Byklum, Bjornar"]
[Result "1-0"]
[WhiteElo "2591"]
[BlackElo "2275"]
[EventDate "2006.12.27"]
[PlyCount "97"]

1.e4 c5 2.Nf3 e6 3.b3 b6 4.Bb2 Bb7 5.d3 d6 6.g3 Nf6 7.Bg2 Be7 8.O-O O-O 9.
Nbd2 Nc6 10.d4 cxd4 11.Nxd4 Rc8 12.Re1 Nd7 13.Nxc6 Bxc6 14.Nc4 Qc7 15.Ba3 
Nc5 16.Qg4 Bf6 17.Rad1 Rfd8 18.Qf4 Be5 19.Nxe5 dxe5 20.Qe3 Bb7 21.c4 h6 
22.f3 Rd7 23.b4 Rcd8 24.Rxd7 Nxd7 25.Bf1 Nb8 26.Rc1 Nc6 27.c5 bxc5 28.Qxc5
Qd7 29.b5 Nd4 30.Kf2 f5 31.Qc7 fxe4 32.fxe4 Bxe4 33.Be7 Qxc7 34.Rxc7 Rb8 
35.Bd6 Nxb5 36.Rxg7+ Kxg7 37.Bxb8 Bc6 38.a4 Na3 39.Bd6 Nb1 40.a5 Kf6 41.
Bb4 e4 42.Ke3 Ke5 43.g4 Kd5 44.h4 h5 45.gxh5 Be8 46.h6 Bg6 47.h5 Bh7 48.
Bb5 Ke5 49.Bc4 1-0

[Event "36th Rilton Cup"]
[Site "Stockholm SWE"]
[Date "2006.12.28"]
[Round "2.2"]
[White "Couso, Luis"]
[Black "Kotronias, Vassilios"]
[Result "0-1"]
[WhiteElo "2354"]
[BlackElo "2699"]
[EventDate "2006.12.27"]
[PlyCount "49"]

1.e4 c6 2.d4 d5 3.e5 c5 4.dxc5 e6 5.Be3 Nh6 6.Bxh6 gxh6 7.Nf3 Nc6 8.Bb5 
Qa5+ 9.Nc3 Bxc5 10.O-O Bd7 11.a3 Qc7 12.Bxc6 Bxc6 13.Ne2 d4 14.Nexd4 O-O-O
15.c3 Rhg8 16.g3 Bd5 17.Rc1 f5 18.Qe2 f4 19.b4 fxg3 20.hxg3 Bb6 21.Nd2 Kb8
22.a4 Qe7 23.Qh5 Bxd4 24.cxd4 Qxb4 25.Rfd1 0-1

[Event "36th Rilton Cup"]
[Site "Stockholm SWE"]
[Date "2006.12.28"]
[Round "2.3"]
[White "Hansen, Lars Bo"]
[Black "Logdahl, Harald"]
[Result "1-0"]
[WhiteElo "2575"]
[BlackElo "2240"]
[EventDate "2006.12.27"]
[PlyCount "59"]

1.d4 d5 2.Nf3 Nc6 3.c4 Bg4 4.Nc3 e6 5.cxd5 exd5 6.Bf4 Bxf3 7.gxf3 Bd6 8.
Bg3 Nge7 9.e3 a6 10.Qc2 Qd7 11.Rg1 g6 12.O-O-O O-O 13.h4 b5 14.e4 b4 15.
Nxd5 Nxd5 16.exd5 Ne7 17.Bc4 a5 18.h5 a4 19.Qd2 Qf5 20.Rde1 b3 21.a3 Nxd5 
22.hxg6 hxg6 23.Be5 Nf4 24.Rg4 Nh5 25.Rg5 Qf4 26.Rxg6+ Kh7 27.Rg7+ Kh6 28.
Qxf4+ Nxf4 29.Rh1+ Nh5 30.Bxf7 1-0